Appropriation and Invention (Record no. 10865)
[ view plain ]
| 000 -CABECERA | |
|---|---|
| campo de control de longitud fija | 01357nam a22003497a 4500 |
| 001 - NÚMERO DE CONTROL | |
| campo de control | BRCA_9246 |
| 003 - IDENTIFICADOR DEL NÚMERO DE CONTROL | |
| campo de control | FranzMayer |
| 005 - FECHA Y HORA DE LA ÚLTIMA TRANSACCIÓN | |
| campo de control | 20230717133729.0 |
| 008 - DATOS DE LONGITUD FIJA--INFORMACIÓN GENERAL | |
| campo de control de longitud fija | 230710b |||||||| |||| 00| 0 eng d |
| 020 ## - NÚMERO INTERNACIONAL ESTÁNDAR DEL LIBRO | |
| Número Internacional Estándar del Libro | 9783777439686 |
| 040 ## - FUENTE DE LA CATALOGACIÓN | |
| Centro/agencia transcriptor | MFM |
| Centro catalogador/agencia de origen | MFM |
| Lengua de catalogación | esp |
| 041 ## - CÓDIGO DE LENGUA | |
| Código de lengua del texto/banda sonora o título independiente | esp |
| 050 ## - SIGNATURA TOPOGRÁFICA DE LA BIBLIOTECA DEL CONGRESO | |
| Número de clasificación | NX449.L29 |
| Número de documento/Ítem | H57 2022 |
| 110 1# - ENTRADA PRINCIPAL--NOMBRE DE ENTIDAD CORPORATIVA | |
| Nombre de entidad corporativa o nombre de jurisdicción como elemento de entrada | Denver Art Museum |
| 9 (RLIN) | 28628 |
| 240 1# - TÍTULO UNIFORME | |
| Título uniforme | Approoriation and Invention Three Centuries of Art in Spanish America |
| Lenguaje de la obra | esp |
| 245 0# - MENCIÓN DE TÍTULO | |
| Título | Appropriation and Invention |
| Resto del título | Three Centuries of Art in Spanish America |
| 260 ## - PUBLICACIÓN, DISTRIBUCIÓN, ETC. | |
| Lugar de publicación, distribución, etc. | Munich, Alemania |
| Nombre del editor, distribuidor, etc. | Hirmer |
| Fecha de publicación, distribución, etc. | 2022 |
| 300 ## - DESCRIPCIÓN FÍSICA | |
| Extensión | 296 p |
| Otras características físicas | ilustraciones |
| Dimensiones | 29 cm |
| 500 ## - NOTA GENERAL | |
| Nota general | L60/N4 |
| 505 0# - NOTA DE CONTENIDO CON FORMATO | |
| Nota de contenido con formato | Texto en: inglés y españolDestinado a: Museógrafos, artistas, historiadores, investigadoresIncluye índice (temático)Bibliografía: 284-287 pp. |
| 610 1# - PUNTO DE ACCESO ADICIONAL DE MATERIA--NOMBRE DE ENTIDAD CORPORATIVA | |
| Nombre de entidad corporativa o nombre de jurisdicción como elemento de entrada | Denver Art Museum |
| Unidad subordinada | Thoma Foundation |
| 9 (RLIN) | 28629 |
| 650 2# - PUNTO DE ACCESO ADICIONAL DE MATERIA--TÉRMINO DE MATERIA | |
| Fuente del encabezamiento o término | Denver Art Museum-Catálogos |
| 651 1# - PUNTO DE ACCESO ADICIONAL DE MATERIA--NOMBRE GEOGRÁFICO | |
| Fuente del encabezamiento o término | Arte-Latinoamérica-Colonial |
| Subdivisión cronológica | 1500-1899 |
| Subdivisión geográfica | América latina |
| 9 (RLIN) | 28630 |
| 700 1# - PUNTO DE ACCESO ADICIONAL--NOMBRE DE PERSONA | |
| Código de función/relación | Ed. |
| Nombre de persona | Rivas Pérez. Jorge F |
| 9 (RLIN) | 28631 |
| 700 1# - PUNTO DE ACCESO ADICIONAL--NOMBRE DE PERSONA | |
| Código de función/relación | Trad. |
| Nombre de persona | Sánchez, David |
| 9 (RLIN) | 28632 |
| 700 1# - PUNTO DE ACCESO ADICIONAL--NOMBRE DE PERSONA | |
| Código de función/relación | Trad. |
| Nombre de persona | Puy Rodriguez, Laura |
| 9 (RLIN) | 28633 |
| 700 1# - PUNTO DE ACCESO ADICIONAL--NOMBRE DE PERSONA | |
| Código de función/relación | Fot |
| Nombre de persona | Wells, Jeff |
| 9 (RLIN) | 28634 |
| 700 1# - PUNTO DE ACCESO ADICIONAL--NOMBRE DE PERSONA | |
| Código de función/relación | Fot. |
| Nombre de persona | Stephenson, Eric |
| 9 (RLIN) | 28635 |
| 700 1# - PUNTO DE ACCESO ADICIONAL--NOMBRE DE PERSONA | |
| Código de función/relación | Fot. |
| Nombre de persona | Jackson, Christina |
| 9 (RLIN) | 28636 |
| 710 1# - PUNTO DE ACCESO ADICIONAL--NOMBRE DE ENTIDAD CORPORATIVA | |
| Nombre de entidad corporativa o nombre de jurisdicción como elemento de entrada | Denver Art Museum |
| Unidad subordinada | Thoma Foundation |
| 9 (RLIN) | 28637 |
| 942 ## - ELEMENTOS DE PUNTO DE ACCESO ADICIONAL (KOHA) | |
| Fuente del sistema de clasificación o colocación | Library of Congress Classification |
| Tipo de ítem Koha | Libros |
| Estado de retiro | Estado de pérdida | Fuente del sistema de clasificación o colocación | Estado dañado | No para préstamo | Código de colección | Localización permanente | Ubicación/localización actual | Fecha de adquisición | Fuente de adquisición | Total de préstamos | Signatura topográfica completa | Código de barras | Fecha visto por última vez | Número de copia | Precio válido a partir de | Tipo de ítem Koha |
|---|---|---|---|---|---|---|---|---|---|---|---|---|---|---|---|---|
| El ejemplar forma parte de la colección y puede ser consultado según las políticas vigentes. | Library of Congress Classification | Fondo Contemporáneo | Biblioteca del Museo Franz Mayer (Rogerio Casas-Alatriste) | Biblioteca del Museo Franz Mayer (Rogerio Casas-Alatriste) | 12/07/2023 | Donación | NX449.L29 H57 2022 | CONT10040 | 12/07/2023 | 1 | 12/07/2023 | Libros |